| 000 | 01565nam a22002657a 4500 | ||
|---|---|---|---|
| 999 |
_c62411 _d62411 |
||
| 003 | Ge_BSU | ||
| 005 | 20241023160314.0 | ||
| 008 | 241023s2023 ge ||||| |||| 00| 0 geo d | ||
| 020 | _a9789941852381 | ||
| 041 | _ageo | ||
| 080 | _a343.988 შ-19 | ||
| 100 |
_aშალიკაშვილი, მორის _96791 |
||
| 245 |
_aვიქტიმოლოგია - მეცნიერება დანაშაულის მსხვერპლის შესახებ : _b[სახელმძღვანელო] / _cმორის შალიკაშვილი, ხატია თანდილაშვილი, უშანგი ბახტაძე. |
||
| 250 | _aმე-2 შევსებული და გადამუშავებული გამოცემა. | ||
| 264 |
_aთბილისი : _b სულხან-საბა ორბელიანის უნივერსიტეტის გამომცემლობა, _c2023. |
||
| 300 |
_a366 გვ. ; _b24 სმ. |
||
| 501 | _aბიბლიოგრაფია ტექსტის შენიშვნებში და გვ. 345-366. | ||
| 653 | _aსამართალი | ||
| 653 | _aდანაშაული | ||
| 653 | _aმსვერპლი | ||
| 653 | _aკრიმინალი | ||
| 700 |
_aთანდილაშვილი, ხატია _eავტორი _923509 |
||
| 700 |
_aბახტაძე, უშანგი _eავტორი _98089 |
||
| 942 |
_2udc _cᲬᲘᲒᲜᲘ |
||